[Event "7. Lichtenberger Sommer"]
[Site "Berlin"]
[Date "2008.08.16"]
[Round "1.81"]
[White "Lichey, Dustin"]
[Black "Bauer, Stefan"]
[Result "1-0"]
[WhiteElo "1861"]
[BlackElo "1816"]
[PlyCount "139"]
[EventDate "2008.??.??"]
[WhiteTeam "1. Schachclub Anhalt"]
[BlackTeam "SC Kreuzberg e.V."]

1. e4 c5 2. d4 cxd4 3. c3 Nf6 4. e5 Nd5 5. cxd4 e6 6. Nf3 Nc6 7. Bc4 Nce7 8.
O-O a6 9. Nc3 b5 10. Nxd5 bxc4 11. Ne3 Qc7 12. Qc2 c3 13. bxc3 Bb7 14. Ng5 g6
15. Ba3 Bg7 16. Ne4 Nc8 17. Nd6+ Nxd6 18. Bxd6 Qc6 19. c4 f5 20. f4 Qc8 21.
Rac1 Qd8 22. d5 g5 23. Qb3 Bc8 24. dxe6 dxe6 25. c5 gxf4 26. Rxf4 Qg5 27. Rf3
Bh6 28. Qa4+ Kf7 29. Rcf1 Qd8 30. Qc4 Ke8 31. Rh3 Bxe3+ 32. Rxe3 Ra7 33. Rg3
Qd7 34. Rxf5 Qb5 35. Rf4 Bd7 36. Rb3 Qxc4 37. Rxc4 Bb5 38. Rf4 Rf7 39. Rxf7
Kxf7 40. Rf3+ Ke8 41. Rf6 Kd7 42. Rf7+ Kc6 43. Kf2 h5 44. Ke3 Kd5 45. Rf4 Rg8
46. g3 Be8 47. Kf3 Bg6 48. Ra4 Ra8 49. h3 Bd3 50. g4 h4 51. Kf4 Ra7 52. Ra3 Bf1
53. Kg5 Rh7 54. Kg6 Rb7 55. Rc3 Kc6 56. Kf6 Rb2 57. g5 Rxa2 58. g6 Rf2+ 59. Kg7
a5 60. Kh8 a4 61. g7 Rf5 62. g8=Q Rh5+ 63. Kg7 Rg5+ 64. Kf7 Rxg8 65. Kxg8 Bg2
66. Kf7 Bd5 67. Kf6 Kb5 68. c6 Bxc6 69. Rxc6 Kxc6 70. Kxe6 1-0

[Event "7. Lichtenberger Sommer"]
[Site "Berlin"]
[Date "2008.08.16"]
[Round "1.82"]
[White "Pixa, Richard"]
[Black "Reiche, Henry"]
[Result "0-1"]
[WhiteElo "1381"]
[BlackElo "2015"]
[PlyCount "88"]
[EventDate "2008.??.??"]
[WhiteTeam "Treptower SV 1949 e.V."]
[BlackTeam "SV Berolina Mitte e.V."]

1. e4 e5 2. Nf3 Nc6 3. Bb5 a6 4. Ba4 Nf6 5. O-O b5 6. Bb3 Nxe4 7. Re1 Nc5 8.
Nxe5 Nxe5 9. Rxe5+ Ne6 10. d4 Bd6 11. Re4 O-O 12. Nd2 Bb7 13. d5 Nc5 14. Re1
Nxb3 15. Nxb3 Qh4 16. h3 Qc4 17. Be3 Qxd5 18. Qg4 Qe6 19. Qd1 Qe5 20. g3 Qe4
21. f3 Qxf3 22. Qxf3 Bxf3 23. Kf2 Bd5 24. Rad1 Bxb3 25. axb3 Rfe8 26. Kf3 Re6
27. Bf2 Rae8 28. Rxe6 dxe6 29. Ra1 Ra8 30. Be1 Kf8 31. g4 f6 32. Ke4 g6 33. Bd2
Kf7 34. b4 c5 35. c3 f5+ 36. gxf5 gxf5+ 37. Kf3 cxb4 38. cxb4 e5 39. b3 e4+ 40.
Ke3 Ke6 41. Bc3 Be5 42. Bxe5 Kxe5 43. Rf1 Rd8 44. Ke2 f4 0-1

[Event "7. Lichtenberger Sommer"]
[Site "Berlin"]
[Date "2008.08.16"]
[Round "1.84"]
[White "Bauerfeind, Lars"]
[Black "Knopf, Roland"]
[Result "1/2-1/2"]
[WhiteElo "1289"]
[BlackElo "1949"]
[PlyCount "69"]
[EventDate "2008.??.??"]
[WhiteTeam "SV Motor Eberswalde e.V."]
[BlackTeam "SC Kreuzberg e.V."]

1. d4 Nf6 2. c4 g6 3. Nc3 Bg7 4. e4 d6 5. Nf3 O-O 6. Bd3 c5 7. d5 e6 8. O-O
exd5 9. exd5 Bg4 10. Bf4 Nh5 11. Be3 Nd7 12. Be2 Nhf6 13. Qd2 Bxf3 14. Bxf3 Ne5
15. Be2 Nfg4 16. Bxg4 Nxg4 17. h3 Ne5 18. b3 f5 19. Bh6 Bxh6 20. Qxh6 Qf6 21.
Qd2 f4 22. Ne4 Qh4 23. f3 Rad8 24. Qf2 Qe7 25. Rad1 g5 26. g4 fxg3 27. Qxg3
Nxf3+ 28. Rxf3 Qxe4 29. Qxg5+ Kh8 30. Rg3 Rd7 31. Rf1 Rxf1+ 32. Kxf1 Rf7+ 33.
Kg1 Qe1+ 34. Kh2 Rf2+ 35. Rg2 1/2-1/2

[Event "7. Lichtenberger Sommer"]
[Site "Berlin"]
[Date "2008.08.16"]
[Round "1.85"]
[White "Kapp, Stefan"]
[Black "Jansen, Robert"]
[Result "1-0"]
[WhiteElo "2093"]
[BlackElo "1274"]
[PlyCount "49"]
[EventDate "2008.??.??"]
[WhiteTeam "TSV IFA Chemnitz"]
[BlackTeam "SK Gilette"]

1. d4 d5 2. c4 e6 3. Nc3 c6 4. Nf3 h6 5. cxd5 cxd5 6. e3 a6 7. Bd3 Nc6 8. O-O
Bd6 9. e4 dxe4 10. Bxe4 Nf6 11. d5 Ne7 12. dxe6 Bxe6 13. Bxb7 Ra7 14. Ne4 Nxe4
15. Bxe4 O-O 16. Nd4 Bc4 17. Re1 Rd7 18. Qg4 Ng6 19. Bxg6 fxg6 20. Nc6 Qb6 21.
Qxc4+ Kh8 22. Be3 Qc7 23. g3 Rf5 24. Bf4 Bxf4 25. Re8+ 1-0

[Event "7. Lichtenberger Sommer"]
[Site "Berlin"]
[Date "2008.08.16"]
[Round "1.86"]
[White "Pozzo, Dominic"]
[Black "Kropman, Alexei"]
[Result "0-1"]
[WhiteElo "1248"]
[BlackElo "1938"]
[PlyCount "56"]
[EventDate "2008.??.??"]
[WhiteTeam "Richmond Juniors"]
[BlackTeam "TuS Makkabi Berlin e.V."]

1. e4 e5 2. Nf3 Nc6 3. Bc4 Bc5 4. Nc3 Nf6 5. d3 d6 6. Bg5 Be6 7. Bb3 a6 8. O-O
Qd7 9. Nd5 Bxd5 10. exd5 Ne7 11. c4 O-O-O 12. Bc2 Nf5 13. a3 h6 14. Bd2 g5 15.
b4 Ba7 16. Ba4 Qe7 17. b5 g4 18. Ne1 g3 19. Kh1 gxf2 20. bxa6 fxe1=Q 21. axb7+
Kb8 22. Bxe1 Ne3 23. Qf3 Nfg4 24. h3 Nxf1 25. Qxg4 Ne3 26. Qg3 Rhg8 27. Qf3 e4
28. dxe4 Qe5 0-1

[Event "7. Lichtenberger Sommer"]
[Site "Berlin"]
[Date "2008.08.16"]
[Round "1.87"]
[White "Segerberg, Tomas"]
[Black "Heyne, Klaus"]
[Result "1-0"]
[WhiteElo "1845"]
[BlackElo "1160"]
[PlyCount "65"]
[EventDate "2008.??.??"]
[WhiteTeam "SG Narva Berlin e.V."]
[BlackTeam "SC Rotation Pankow e.V."]

1. c4 e5 2. Nc3 Nf6 3. Nf3 d6 4. d4 exd4 5. Nxd4 Be7 6. e4 O-O 7. Be2 Bd7 8.
O-O Nc6 9. Nc2 a6 10. Ne3 Re8 11. f3 Na7 12. b3 c5 13. Ned5 Nxd5 14. Nxd5 Be6
15. Nxe7+ Qxe7 16. Bb2 f6 17. Qc2 Nc6 18. Rfe1 Nb4 19. Qd2 Nc6 20. Rad1 Rad8
21. Bf1 Ne5 22. Kh1 Qf7 23. Bc3 b6 24. Qf2 Qe7 25. Rd2 Rd7 26. h3 Red8 27. f4
Nc6 28. Bd3 a5 29. Rde2 Nb4 30. Bb1 Qf8 31. Qh4 Rf7 32. e5 fxe5 33. Qxh7# 1-0

[Event "7. Lichtenberger Sommer"]
[Site "Berlin"]
[Date "2008.08.16"]
[Round "1.88"]
[White "Schroeder, Gert"]
[Black "Alihodzic, Ahmo"]
[Result "0-1"]
[WhiteElo "1079"]
[BlackElo "1954"]
[PlyCount "24"]
[EventDate "2008.??.??"]
[WhiteTeam "SV Königsjäger Süd-West e.V."]

1. d4 e5 2. dxe5 Qe7 3. Nf3 Nc6 4. e4 Nxe5 5. c3 Nf6 6. Bf4 Nxf3+ 7. gxf3 d5 8.
Qa4+ Bd7 9. Bh3 Bxa4 10. e5 Nh5 11. Be3 Qxe5 12. O-O Bd6 0-1

[Event "7. Lichtenberger Sommer"]
[Site "Berlin"]
[Date "2008.08.16"]
[Round "1.89"]
[White "Kornath, Heinrich"]
[Black "Kitzler, Gerhard"]
[Result "1-0"]
[WhiteElo "1970"]
[BlackElo "1059"]
[PlyCount "77"]
[EventDate "2008.??.??"]
[WhiteTeam "SC Friesen Lichtenberg e.V."]
[BlackTeam "SK 1858 Gießen"]

1. e4 e5 2. Nf3 Nc6 3. Bb5 Nf6 4. O-O d6 5. Re1 Bg4 6. c3 Be7 7. h3 Be6 8. d4
exd4 9. cxd4 Bd7 10. Nc3 h6 11. Be3 a6 12. Bd3 Qc8 13. Kh2 h5 14. Rc1 Ng4+ 15.
Kg1 Nxe3 16. Rxe3 g5 17. Nd5 g4 18. Nxe7 Nxe7 19. Ng5 Rg8 20. h4 f6 21. Nh7 Rg6
22. e5 f5 23. Nf6+ Kf7 24. Nxd7 Qxd7 25. Qb3+ Kg7 26. Qxb7 Rc8 27. Bxa6 Re6 28.
Qb3 Ra8 29. Bb5 c6 30. Bc4 d5 31. Bd3 f4 32. Ree1 Rh6 33. g3 fxg3 34. fxg3 Qa7
35. Qb4 Rf8 36. Rf1 Rf3 37. Rxf3 gxf3 38. a4 Qd7 39. Qd2 1-0

[Event "7. Lichtenberger Sommer"]
[Site "Berlin"]
[Date "2008.08.16"]
[Round "1.90"]
[White "Windolf, Mario"]
[Black "Baumgaertner, Andre"]
[Result "1-0"]
[WhiteElo "1839"]
[BlackElo "879"]
[PlyCount "135"]
[EventDate "2008.??.??"]
[WhiteTeam "1. Schachclub Anhalt"]
[BlackTeam "SC Friesen Lichtenberg e.V."]

1. Nf3 d5 2. g3 Nc6 3. Bg2 Nf6 4. d3 Bg4 5. O-O Bxf3 6. Bxf3 e6 7. c4 Ne5 8.
Bg2 c6 9. cxd5 Nxd5 10. Nc3 Be7 11. d4 Nxc3 12. bxc3 Nd7 13. e4 Nb6 14. Qe2 O-O
15. Be3 Bf6 16. f4 Qc7 17. Rac1 Be7 18. c4 Nd7 19. Rfd1 Qa5 20. e5 Nb6 21. Be4
f5 22. Bg2 Rad8 23. Kh1 Qa6 24. Rc2 Rd7 25. d5 Rfd8 26. d6 Bf8 27. Bxb6 axb6
28. Rb1 Bxd6 29. exd6 Rxd6 30. Bf1 Qa5 31. Rcb2 c5 32. Rb5 Qa7 33. Re1 Kf7 34.
Qh5+ Kg8 35. Qe2 Kf7 36. Rbb1 g6 37. Bg2 Qb8 38. Rbd1 Qc7 39. Rxd6 Rxd6 40. Rd1
Rd7 41. Bf3 Qd8 42. Kg2 Rxd1 43. Qxd1 Qxd1 44. Bxd1 Kf6 45. Bf3 e5 46. fxe5+
Kxe5 47. Bxb7 Kd4 48. Ba6 Ke3 49. Bb5 g5 50. a4 h6 51. h3 f4 52. Bc6 h5 53. Bf3
h4 54. gxh4 gxh4 55. Bd5 Ke2 56. Bf3+ Ke3 57. Bg4 Kd4 58. Kf3 Kxc4 59. Kxf4 Kb4
60. Bd1 Kc3 61. Ke3 Kc4 62. Ke4 Kb4 63. Kd5 b5 64. axb5 Kxb5 65. Bb3 Kb4 66.
Bc4 Kc3 67. Kxc5 Kd2 68. Kd4 1-0

[Event "7. Lichtenberger Sommer"]
[Site "Berlin"]
[Date "2008.08.16"]
[Round "1.91"]
[White "Lippianowski, Stefan"]
[Black "Kohlmeyer, Dagobert"]
[Result "0-1"]
[WhiteElo "953"]
[BlackElo "2002"]
[PlyCount "48"]
[EventDate "2008.??.??"]
[WhiteTeam "Treptower SV 1949 e.V."]
[BlackTeam "SC Rochade e.V."]

1. e4 e6 2. Nc3 d5 3. exd5 exd5 4. Qe2+ Be7 5. Nf3 Nf6 6. d4 O-O 7. h3 c5 8.
Bf4 Nc6 9. Nb5 Qa5+ 10. c3 cxd4 11. Nfxd4 Nxd4 12. Nxd4 Re8 13. Nb3 Qd8 14. Qd2
Bd6+ 15. Be2 Ne4 16. Qe3 Bf5 17. O-O Nxc3 18. Bg5 Nxe2+ 19. Kh1 f6 20. Qd2 fxg5
21. Qxd5+ Be6 22. Qxb7 Qf6 23. Rae1 Qe5 24. g3 Bd5+ 0-1

[Event "7. Lichtenberger Sommer"]
[Site "Berlin"]
[Date "2008.08.16"]
[Round "1.92"]
[White "Wierzbicki, Jirawat"]
[Black "Eberlein, Johann"]
[Result "0-1"]
[WhiteElo "734"]
[BlackElo "1941"]
[PlyCount "30"]
[EventDate "2008.??.??"]
[WhiteTeam "Schachpinguine Berlin"]
[BlackTeam "BSV 63 Chemie Weißensee"]

1. e4 c6 2. Nf3 d5 3. exd5 cxd5 4. Bb5+ Nc6 5. O-O Nf6 6. Nc3 Bg4 7. d3 Qc7 8.
Bg5 Rd8 9. Bxf6 gxf6 10. Qe2 Qf4 11. Rfe1 Rg8 12. Bxc6+ bxc6 13. b3 Bxf3 14.
Qxf3 Qxf3 15. Kh1 Qxg2# 0-1

[Event "7. Lichtenberger Sommer"]
[Site "Berlin"]
[Date "2008.08.24"]
[Round "9.21"]
[White "Rozov, Boris"]
[Black "Kornrumpf, Joachim"]
[Result "1/2-1/2"]
[WhiteElo "2155"]
[BlackElo "2121"]
[PlyCount "107"]
[EventDate "2008.??.??"]
[WhiteTeam "SV Dresden-Leuben"]
[BlackTeam "Preetzer TSV"]

1. d4 Nf6 2. Nc3 d5 3. Bg5 e6 4. e4 dxe4 5. Nxe4 Be7 6. Bxf6 Bxf6 7. Nf3 O-O 8.
Qd2 b6 9. O-O-O Bb7 10. Qf4 Nd7 11. Bd3 Rc8 12. h4 Qe7 13. Neg5 h6 14. Ne4 c5
15. Nd6 Bxf3 16. Nxc8 Rxc8 17. Qxf3 Bxd4 18. c3 Bf6 19. Qb7 Rd8 20. Qxa7 Bxh4
21. g3 Ne5 22. Qxe7 Bxe7 23. Be4 Rb8 24. f4 Ng4 25. Rd7 Nf6 26. Rb7 Ra8 27. Bf3
Bd8 28. Rd1 Rc8 29. Kc2 g5 30. fxg5 hxg5 31. a4 Bc7 32. g4 Kg7 33. Bc6 Bd8 34.
Bd7 Rc7 35. Rxc7 Bxc7 36. Bc6 Kf8 37. Bf3 Ke7 38. Kb3 Nd7 39. Rxd7+ Kxd7 40.
Kc4 f5 41. Kb5 Kd6 42. Ka6 Bd8 43. Be2 Kd5 44. Kb7 c4 45. Kc8 Bf6 46. Kc7 Kc5
47. Kd7 fxg4 48. Kxe6 Bd8 49. Bxg4 Bc7 50. Bd1 Bf4 51. Kf5 Bc1 52. b4+ cxb3 53.
Bxb3 Bd2 54. Bf7 1/2-1/2

[Event "7. Lichtenberger Sommer"]
[Site "Berlin"]
[Date "2008.08.24"]
[Round "9.22"]
[White "Kapp, Martin"]
[Black "Reiche, Henry"]
[Result "1-0"]
[WhiteElo "2072"]
[BlackElo "2015"]
[PlyCount "71"]
[EventDate "2008.??.??"]
[WhiteTeam "TSV IFA Chemnitz"]
[BlackTeam "SV Berolina Mitte e.V."]

1. d4 Nf6 2. c4 e5 3. dxe5 Ng4 4. e4 Nxe5 5. f4 Nec6 6. Be3 Bb4+ 7. Nc3 Bxc3+
8. bxc3 d6 9. Bd3 Nd7 10. Qf3 Qf6 11. Ne2 Nc5 12. Bxc5 dxc5 13. O-O O-O 14. e5
Qh4 15. Ng3 g6 16. Ne4 Qe7 17. Nf6+ Kg7 18. Qg3 Rh8 19. Nd5 Qd8 20. f5 Bd7 21.
e6 Be8 22. f6+ Kg8 23. e7 Qd6 24. Nxc7 Qxg3 25. hxg3 Rc8 26. Nd5 Ne5 27. Rad1
h5 28. Rfe1 Ng4 29. Be2 Nh6 30. Nf4 Kh7 31. Rd8 Bc6 32. Red1 Re8 33. Rxc8 Rxc8
34. Rd8 Rc7 35. Bf3 Ba4 36. Nd5 1-0

[Event "7. Lichtenberger Sommer"]
[Site "Berlin"]
[Date "2008.08.24"]
[Round "9.23"]
[White "Schulz, Hartmut"]
[Black "Schleich, Theodor"]
[Result "1-0"]
[WhiteElo "2149"]
[BlackElo "2099"]
[PlyCount "31"]
[EventDate "2008.??.??"]
[WhiteTeam "SC Rotation Pankow e.V."]
[BlackTeam "FC Bayern München e.V."]

1. d4 e6 2. Nf3 f5 3. g3 b6 4. Bg2 Bb7 5. O-O Nf6 6. c4 Bd6 7. Nc3 O-O 8. Re1
Ne4 9. Qc2 Nxc3 10. Qxc3 Nc6 11. a3 Qf6 12. b4 e5 13. Bg5 Qg6 14. dxe5 Be7 15.
Bxe7 Nxe7 16. Nh4 1-0

[Event "7. Lichtenberger Sommer"]
[Site "Berlin"]
[Date "2008.08.24"]
[Round "9.24"]
[White "Werner, Michael"]
[Black "Bukowski, Henryk"]
[Result "1/2-1/2"]
[WhiteElo "2106"]
[BlackElo "2175"]
[PlyCount "106"]
[EventDate "2008.??.??"]
[WhiteTeam "Schachgesellschaft Benrath 1924"]
[BlackTeam "BSC Rehberge 1945 e.V."]

1. d4 Nf6 2. c4 e6 3. Nf3 c5 4. d5 exd5 5. cxd5 d6 6. Nc3 g6 7. Bg5 Bg7 8. e3
O-O 9. Be2 a6 10. a4 Re8 11. Nd2 Nbd7 12. O-O Ne5 13. h3 Rb8 14. f4 Ned7 15. e4
Qc7 16. Kh1 h6 17. Bh4 Nh7 18. Bf2 b6 19. Qc2 Ra8 20. Bf3 Rb8 21. Be2 g5 22. g3
Ndf8 23. Kh2 Ng6 24. f5 Ne5 25. Nc4 Nxc4 26. Bxc4 Nf6 27. Rae1 Nd7 28. g4 Ne5
29. Be2 Bf6 30. Bg3 Ra8 31. Kg2 Bd7 32. Rh1 Kg7 33. h4 Qb7 34. hxg5 hxg5 35.
Rh5 Rh8 36. Reh1 Rxh5 37. Rxh5 Rh8 38. Bxe5 dxe5 39. Rxh8 Kxh8 40. Qd3 Bc8 41.
Qc4 Kg7 42. Nd1 Be7 43. Ne3 Bd7 44. Qxa6 Qxa6 45. Bxa6 Bxa4 46. Kf3 f6 47. Ke2
Kf7 48. Kd3 Bd8 49. Kc4 Bd7 50. Bb5 Bc8 51. Nd1 Ke7 52. Nc3 Kd6 53. Ne2 Bb7
1/2-1/2

[Event "7. Lichtenberger Sommer"]
[Site "Berlin"]
[Date "2008.08.24"]
[Round "9.25"]
[White "Carrasco, Paul"]
[Black "von Löhneysen, Leonard"]
[Result "0-1"]
[WhiteElo "2041"]
[BlackElo "1995"]
[PlyCount "42"]
[EventDate "2008.??.??"]
[BlackTeam "SK Zehlendorf e.V."]

1. Nf3 c5 2. b3 Nf6 3. Bb2 d6 4. e3 Nbd7 5. d4 g6 6. Bd3 Bg7 7. O-O O-O 8. c4
b6 9. d5 Ng4 10. Nc3 e5 11. dxe6 fxe6 12. Be4 d5 13. cxd5 Ndf6 14. Qc2 Nxe4 15.
Nxe4 exd5 16. Rad1 Bf5 17. Bxg7 Bxe4 18. Qb2 Rxf3 19. Bh8 d4 20. Bxd4 cxd4 21.
Qe2 d3 0-1

[Event "7. Lichtenberger Sommer"]
[Site "Berlin"]
[Date "2008.08.24"]
[Round "9.26"]
[White "Kropman, Alexei"]
[Black "Schink, Barbara"]
[Result "1-0"]
[WhiteElo "1938"]
[BlackElo "2046"]
[PlyCount "67"]
[EventDate "2008.??.??"]
[WhiteTeam "TuS Makkabi Berlin e.V."]
[BlackTeam "Strassenbahn Graz"]

1. e4 e5 2. Nf3 Nc6 3. Bc4 Bc5 4. c3 Nf6 5. d3 a6 6. O-O d6 7. Bb3 Ba7 8. h3
Qe7 9. Nbd2 O-O 10. Re1 Nh5 11. Nf1 Qf6 12. Be3 Nf4 13. Kh2 Nd8 14. Ng1 Kh8 15.
Bxa7 Rxa7 16. Ne3 c6 17. g3 Nfe6 18. Rf1 Ra8 19. Ng2 Nc5 20. Bc2 Qe7 21. Ne3 g6
22. d4 Nce6 23. d5 Ng7 24. f4 exf4 25. Rxf4 c5 26. b4 cxb4 27. cxb4 Nh5 28.
Qd4+ Kg8 29. Rf2 Ng7 30. Nc4 f6 31. Raf1 Ne8 32. Nb6 Rb8 33. Ba4 Nf7 34. Rc2
1-0

[Event "7. Lichtenberger Sommer"]
[Site "Berlin"]
[Date "2008.08.24"]
[Round "9.27"]
[White "Bruchmann, Stephan"]
[Black "Richter, Götz"]
[Result "1-0"]
[WhiteElo "2292"]
[BlackElo "1997"]
[PlyCount "87"]
[EventDate "2008.??.??"]
[WhiteTeam "Sfrd. Berlin 1903 e.V."]
[BlackTeam "Klub Kölner Schachfreunde e.V. 1"]

1. e4 c5 2. Nf3 d6 3. Bb5+ Bd7 4. Bxd7+ Qxd7 5. O-O Nf6 6. Qe2 Nc6 7. b3 g6 8.
Bb2 Bg7 9. d4 cxd4 10. Nxd4 O-O 11. c4 a6 12. Nd2 Nxd4 13. Bxd4 b5 14. Rac1 Qb7
15. Rfe1 Nd7 16. Bxg7 Kxg7 17. Nf3 Rfe8 18. e5 dxe5 19. Nxe5 Rac8 20. Nxd7 Qxd7
21. c5 Qf5 22. b4 Rc6 23. Qe5+ Qxe5 24. Rxe5 a5 25. bxa5 Kf6 26. Re3 Rec8 27.
Rf3+ Kg7 28. Kf1 Rxc5 29. Rxc5 Rxc5 30. Ra3 Kf6 31. a6 Rc8 32. a7 Ra8 33. Ke2
Ke6 34. Kd3 Kd5 35. Kc3 Kc5 36. Ra5 Kb6 37. Kb4 Rxa7 38. Rxa7 Kxa7 39. Kxb5 h5
40. Kc6 Ka6 41. Kd7 e5 42. Ke7 f5 43. Kf6 e4 44. g3 1-0

[Event "7. Lichtenberger Sommer"]
[Site "Berlin"]
[Date "2008.08.24"]
[Round "9.28"]
[White "Schnitzer, Peter"]
[Black "Muskewitz, Bernd"]
[Result "1-0"]
[WhiteElo "2176"]
[BlackElo "2030"]
[PlyCount "99"]
[EventDate "2008.??.??"]
[WhiteTeam "SC Kreuzberg e.V."]
[BlackTeam "TSG Oberschöneweide e.V."]

1. e4 c5 2. Nf3 e6 3. c3 d5 4. exd5 Qxd5 5. d4 cxd4 6. cxd4 Nc6 7. Nc3 Qa5 8.
Bd3 Nf6 9. O-O Be7 10. Qe2 O-O 11. Ne4 Nxe4 12. Qxe4 f5 13. Qe2 Bf6 14. Be3 Rd8
15. Bc4 Kf8 16. Rad1 h6 17. Rfe1 Qc7 18. a3 f4 19. Bc1 Nxd4 20. Nxd4 Rxd4 21.
Rxd4 Bxd4 22. Bxe6 Qe7 23. Qc4 Qc5 24. Qxc5+ Bxc5 25. Bxf4 Bxe6 26. Rxe6 Rd8
27. Re1 g5 28. Bc1 Rd3 29. Kf1 Kf7 30. Ke2 Rb3 31. Rd1 Ke6 32. f3 Bd6 33. g3 h5
34. Rd3 Rxd3 35. Kxd3 Kf5 36. Be3 a6 37. a4 b5 38. axb5 axb5 39. Bd4 g4 40. Ke3
h4 41. gxh4 Bxh2 42. fxg4+ Kxg4 43. Bf6 Kf5 44. Bg5 Ke6 45. Bf4 Bg1+ 46. Ke4
Bf2 47. h5 Bh4 48. h6 Bf6 49. b3 Bb2 50. Be3 1-0

[Event "7. Lichtenberger Sommer"]
[Site "Berlin"]
[Date "2008.08.24"]
[Round "9.29"]
[White "Pichler, Klaus"]
[Black "Kapr, Klaus"]
[Result "1/2-1/2"]
[WhiteElo "1871"]
[BlackElo "2059"]
[PlyCount "27"]
[EventDate "2008.??.??"]
[BlackTeam "SC Friesen Lichtenberg e.V."]

1. f4 d5 2. Nf3 Nf6 3. e3 Bf5 4. b3 e6 5. Bb2 Be7 6. Be2 O-O 7. Ne5 Nbd7 8. O-O
Nxe5 9. Bxe5 Nd7 10. Bb2 Bf6 11. Bxf6 Qxf6 12. d4 Qg6 13. Na3 Be4 14. Bf3
1/2-1/2

[Event "7. Lichtenberger Sommer"]
[Site "Berlin"]
[Date "2008.08.24"]
[Round "9.30"]
[White "Lichey, Dustin"]
[Black "Friedrich, Wiede"]
[Result "0-1"]
[WhiteElo "1861"]
[BlackElo "2044"]
[PlyCount "84"]
[EventDate "2008.??.??"]
[WhiteTeam "1. Schachclub Anhalt"]
[BlackTeam "USV Potsdam e.V., Abt. Schach"]

1. e4 c5 2. d4 cxd4 3. c3 dxc3 4. Nxc3 Nc6 5. Nf3 d6 6. Bc4 e6 7. O-O Be7 8.
Qe2 a6 9. Rd1 b5 10. Bb3 Bb7 11. Be3 Na5 12. Bd4 Nf6 13. Bc2 O-O 14. e5 dxe5
15. Nxe5 Qc7 16. Rac1 Nc6 17. Ng4 Nxg4 18. Qxg4 Nxd4 19. Nd5 Qd8 20. Nxe7+ Qxe7
21. Rxd4 g6 22. h4 Rad8 23. Rxd8 Qxd8 24. Rd1 Qc7 25. Bb3 Qe5 26. Rd4 Qe1+ 27.
Kh2 Qxf2 28. Rf4 Qxb2 29. h5 Qe5 30. hxg6 hxg6 31. Kg1 Qe1+ 32. Rf1 Qe3+ 33.
Rf2 Qe1+ 34. Rf1 Qe3+ 35. Rf2 Qc1+ 36. Rf1 Qc5+ 37. Rf2 Qe3 38. Qd1 Rc8 39. Qd7
Kh8 40. Qxf7 Rc1+ 41. Kh2 Qh6+ 42. Kg3 Qg5+ 0-1

[Event "7. Lichtenberger Sommer"]
[Site "Berlin"]
[Date "2008.08.24"]
[Round "9.31"]
[White "Poseck, Steffen"]
[Black "Merz, Rüdiger"]
[Result "1/2-1/2"]
[WhiteElo "2107"]
[BlackElo "1904"]
[PlyCount "108"]
[EventDate "2008.??.??"]
[WhiteTeam "SC Rotation Pankow e.V."]
[BlackTeam "SK Zehlendorf e.V."]

1. d4 d5 2. c4 c6 3. cxd5 cxd5 4. Nc3 Bf5 5. Qb3 Nf6 6. Qxb7 Nbd7 7. e3 Rb8 8.
Qxa7 Ra8 9. Qb7 Rb8 10. Qa6 e6 11. Nf3 Be7 12. Bb5 O-O 13. Bxd7 Nxd7 14. O-O
Nb6 15. Ne5 Nc4 16. Nxc4 Bd3 17. Re1 Rb4 18. Qa5 Rxc4 19. Qxd8 Rxd8 20. Bd2 Ra8
21. Rec1 Kf8 22. a3 Ke8 23. Na2 Rac8 24. Rxc4 Rxc4 25. Rc1 Kd7 26. Rxc4 Bxc4
27. Nc3 Bb3 28. f3 Bd8 29. Ne2 Kc6 30. Nc1 Bc2 31. Kf2 Kb5 32. Ke2 Be7 33. Bc3
Kc4 34. Kd2 Bb1 35. b3+ Kb5 36. a4+ Kb6 37. b4 Bd6 38. g3 h5 39. Nd3 h4 40.
gxh4 Bxh2 41. h5 Bd6 42. e4 Ba2 43. e5 Be7 44. b5 Bb3 45. Nc5 Bxc5 46. dxc5+
Kxc5 47. b6 Kxb6 48. a5+ Kb5 49. a6 Kxa6 50. Bb4 Ba4 51. Bf8 Be8 52. Bxg7 f5
53. h6 Bg6 54. Ke3 Kb5 1/2-1/2

[Event "7. Lichtenberger Sommer"]
[Site "Berlin"]
[Date "2008.08.24"]
[Round "9.32"]
[White "Dreke, Frank"]
[Black "Fischer, Daniel"]
[Result "1-0"]
[WhiteElo "2037"]
[BlackElo "2094"]
[PlyCount "59"]
[EventDate "2008.??.??"]
[WhiteTeam "Treptower SV 1949 e.V."]
[BlackTeam "SK Oberkirch"]

1. e4 d6 2. d4 Nf6 3. Bd3 e5 4. c3 Nbd7 5. f4 c6 6. Nf3 Qc7 7. O-O Be7 8. Na3
b5 9. Kh1 a6 10. Nc2 c5 11. Ne3 g6 12. a4 c4 13. Bc2 Bb7 14. fxe5 dxe5 15. Nd5
Nxd5 16. exd5 O-O-O 17. axb5 axb5 18. Ng5 Bxg5 19. Bxg5 f6 20. Bxf6 Nxf6 21.
Rxf6 exd4 22. Qxd4 Rxd5 23. Qg4+ Qd7 24. Qf3 Re8 25. Rf7 Qe6 26. Qf2 Qe2 27.
Kg1 Rde5 28. Rf1 Qg4 29. h3 Qh5 30. Qb6 1-0

[Event "7. Lichtenberger Sommer"]
[Site "Berlin"]
[Date "2008.08.24"]
[Round "9.33"]
[White "Koch, Friedrich"]
[Black "Segerberg, Tomas"]
[Result "1-0"]
[WhiteElo "2063"]
[BlackElo "1845"]
[PlyCount "79"]
[EventDate "2008.??.??"]
[WhiteTeam "SV Empor Berlin e.V."]
[BlackTeam "SG Narva Berlin e.V."]

1. e4 e6 2. d4 d5 3. exd5 exd5 4. Bd3 Nf6 5. Bf4 c5 6. Nf3 Be7 7. dxc5 O-O 8.
O-O Nc6 9. Nbd2 Bxc5 10. Nb3 Bb6 11. h3 Nb4 12. Be2 Bf5 13. Nbd4 Bg6 14. c3 Nc6
15. Qa4 Qe8 16. Bb5 Qe4 17. Nxc6 a6 18. Qxe4 dxe4 19. Ne7+ Kh8 20. Nxg6+ hxg6
21. Be2 Nd5 22. Bh2 e3 23. Bg3 Rfe8 24. Bc4 exf2+ 25. Bxf2 Ne3 26. Bxe3 Bxe3+
27. Kh1 Re7 28. Rad1 f5 29. g3 Rc8 30. Bd3 a5 31. Kg2 Kh7 32. Rfe1 Rce8 33. Nh4
a4 34. Bxf5 gxf5 35. Nxf5 Bc5 36. Nxe7 Bxe7 37. a3 b5 38. Rd5 b4 39. axb4 Bf6
40. Ra5 1-0

[Event "7. Lichtenberger Sommer"]
[Site "Berlin"]
[Date "2008.08.24"]
[Round "9.34"]
[White "Sabrowski, Uwe"]
[Black "Mai, Andreas"]
[Result "0-1"]
[WhiteElo "2142"]
[BlackElo "1899"]
[PlyCount "72"]
[EventDate "2008.??.??"]
[WhiteTeam "TSG Oberschöneweide e.V."]
[BlackTeam "SC Friesen Lichtenberg e.V."]

1. d4 Nf6 2. c4 g6 3. Nc3 Bg7 4. e4 d6 5. Be2 O-O 6. Bg5 Nbd7 7. Qd2 e5 8. Nf3
exd4 9. Nxd4 Nc5 10. Rd1 Re8 11. f3 Bd7 12. O-O Bc6 13. b4 Ne6 14. Nxe6 Rxe6
15. b5 Bd7 16. c5 dxc5 17. Bc4 Rd6 18. Nd5 Be6 19. Qf4 Bxd5 20. Bxd5 Qd7 21.
Bb3 Nh5 22. Rxd6 cxd6 23. Qd2 Qxb5 24. g4 Bd4+ 25. Kg2 Ng7 26. Rc1 Ne6 27. Bc4
Qd7 28. Bh6 b5 29. Bd5 Rb8 30. Qa5 Qe7 31. Rb1 Qh4 32. Qd2 Be5 33. Rh1 Qf6 34.
Bxe6 Qxe6 35. h4 Rb6 36. h5 Ra6 0-1

[Event "7. Lichtenberger Sommer"]
[Site "Berlin"]
[Date "2008.08.24"]
[Round "9.35"]
[White "Buehler, Florian"]
[Black "Hesselbarth, Karlheinz"]
[Result "1/2-1/2"]
[WhiteElo "1992"]
[BlackElo "1857"]
[PlyCount "78"]
[EventDate "2008.??.??"]
[WhiteTeam "Spgem Kötz/Ichenhausen"]
[BlackTeam "SC Zugzwang 95 e.V."]

1. d4 Nf6 2. c4 e6 3. Nc3 d5 4. cxd5 exd5 5. Bg5 Nbd7 6. e3 Be7 7. Bd3 O-O 8.
Qc2 Re8 9. Nge2 h6 10. Bf4 c6 11. O-O Nf8 12. f3 Ne6 13. Bg3 Bd6 14. Be5 Bxe5
15. dxe5 Nd7 16. f4 Nec5 17. Nd4 Nxd3 18. Qxd3 Nc5 19. Qe2 a5 20. Rad1 Qb6 21.
Kh1 Qa6 22. Qh5 b5 23. g4 b4 24. Nce2 Ne4 25. Ng3 Nxg3+ 26. hxg3 c5 27. Nf5
Bxf5 28. gxf5 d4 29. exd4 cxd4 30. Rfe1 Qc6+ 31. Kh2 Rad8 32. Rd2 Qd5 33. b3 d3
34. f6 gxf6 35. Qxh6 fxe5 36. Qg5+ Kf8 37. Qh6+ Kg8 38. Qg5+ Kf8 39. Qh6+ Kg8
1/2-1/2